[Event "21. Torneo San Viator 2013"]
[Site "Madrid ESP"]
[Date "2013.11.03"]
[Round "7.36"]
[White "Garcia Martin, Juan Manuel"]
[Black "Perez Gonzalez, Daniel"]
[Result "1-0"]
[WhiteElo "1797"]
[BlackElo "1546"]
[PlyCount "97"]
[EventDate "2013.09.29"]
[EventType "swiss"]
[EventRounds "9"]
[EventCountry "ESP"]
[SourceTitle "Ajedrez en Madrid"]
[Source "lmi"]
[SourceDate "2013.09.29"]
[SourceVersion "1"]
[SourceVersionDate "2013.12.25"]
[SourceQuality "1"]

1. d4 Nf6 2. Nf3 c5 3. c3 e6 4. Bg5 Be7 5. e3 Nc6 6. Bxf6 Bxf6 7. d5 exd5 8.
Qxd5 d6 9. Bb5 Qc7 10. O-O Be6 11. Qd2 O-O 12. Na3 a6 13. Ba4 Bg4 14. Bd1 b5
15. Rc1 Rab8 16. b4 a5 17. bxc5 dxc5 18. Qc2 Be6 19. Be2 c4 20. Nd4 Nxd4 21.
exd4 Rb6 22. Rfd1 Bd5 23. Qf5 Qb7 24. Nc2 Be4 25. Qg4 Be7 26. f3 f5 27. Qg3 Rg6
28. Qf2 Bd5 29. Ne3 Rff6 30. Nxd5 Qxd5 31. Bf1 Qd6 32. Re1 Rh6 33. Re5 Re6 34.
f4 Rxe5 35. fxe5 Qd7 36. a4 Qe6 37. axb5 Rxh2 38. Bxc4 Qxc4 39. Kxh2 Qe6 40.
Rb1 Bg5 41. Qf3 Bd8 42. c4 Qxc4 43. Qb3 Qxb3 44. Rxb3 Bb6 45. d5 Kf7 46. Rc3 a4
47. Ra3 Bc5 48. e6+ Ke7 49. Rxa4 1-0

[Event "21. Torneo San Viator 2013"]
[Site "Madrid ESP"]
[Date "2013.11.03"]
[Round "7.37"]
[White "Herreros Ruiz, Jorge Alejandro"]
[Black "Saribekyan, Garnik"]
[Result "1-0"]
[WhiteElo "1549"]
[BlackElo "1693"]
[PlyCount "115"]
[EventDate "2013.09.29"]
[EventType "swiss"]
[EventRounds "9"]
[EventCountry "ESP"]
[SourceTitle "Ajedrez en Madrid"]
[Source "lmi"]
[SourceDate "2013.09.29"]
[SourceVersion "1"]
[SourceVersionDate "2013.12.25"]
[SourceQuality "1"]

1. d4 Nf6 2. c4 e6 3. Nc3 Bb4 4. Qc2 O-O 5. Bg5 h6 6. Bxf6 Qxf6 7. Nf3 d5 8. e3
c5 9. a3 Bxc3+ 10. Qxc3 cxd4 11. Qxd4 Qxd4 12. Nxd4 Nc6 13. Nxc6 bxc6 14. cxd5
cxd5 15. Be2 a5 16. O-O Ba6 17. Bxa6 Rxa6 18. Rfc1 Rb6 19. Ra2 Rfb8 20. Rc2 Kf8
21. Kf1 Ke7 22. Ke1 Kd6 23. Kd2 a4 24. Kc1 Ke5 25. Rc7 R8b7 26. Rc5 Ke4 27. Kc2
Rb5 28. Rc6 e5 29. Ra6 Rc7+ 30. Kd2 Rc4 31. h4 Rb3 32. f3+ Kf5 33. g4+ Rxg4 34.
fxg4+ Kxg4 35. Rxa4+ Kf3 36. Ra5 Ke4 37. a4 f5 38. Rb5 Rd3+ 39. Kc2 Rxe3 40. a5
f4 41. a6 f3 42. Rb4+ d4 43. a7 Re2+ 44. Kd1 Ke3 45. a8=Q Kf2 46. b3 d3 47.
Qxf3+ Kxf3 48. Rxe2 dxe2+ 49. Ke1 g5 50. hxg5 hxg5 51. Rb5 Ke4 52. Kxe2 Kd4 53.
Rb4+ Kd5 54. Rg4 Kc5 55. Rxg5 Kb4 56. Rxe5 Kxb3 57. Rc5 Kb4 58. Rc8 1-0

[Event "21. Torneo San Viator 2013"]
[Site "Madrid ESP"]
[Date "2013.11.03"]
[Round "7.38"]
[White "Cortijo Manso, Luis"]
[Black "Algaba Traspuesto, Jose Antoni"]
[Result "0-1"]
[WhiteElo "1535"]
[BlackElo "1693"]
[PlyCount "82"]
[EventDate "2013.09.29"]
[EventType "swiss"]
[EventRounds "9"]
[EventCountry "ESP"]
[SourceTitle "Ajedrez en Madrid"]
[Source "lmi"]
[SourceDate "2013.09.29"]
[SourceVersion "1"]
[SourceVersionDate "2013.12.25"]
[SourceQuality "1"]

1. d4 e6 2. c4 d5 3. Nf3 Nf6 4. g3 dxc4 5. Bg2 Nbd7 6. Qa4 a6 7. Qxc4 b5 8. Qc2
Bb7 9. O-O Rc8 10. Qd1 Be7 11. a3 c5 12. dxc5 Nxc5 13. Nbd2 O-O 14. b4 Na4 15.
Nb3 Nd5 16. e4 Ndc3 17. Qxd8 Rfxd8 18. e5 Ne2+ 19. Kh1 Nxc1 20. Raxc1 Bd5 21.
Rxc8 Rxc8 22. Nbd4 Nb2 23. Nd2 Bxg2+ 24. Kxg2 Nd3 25. N4f3 Rc3 26. Ra1 f6 27.
Ne4 Rc2 28. Nd4 Rc4 29. exf6 gxf6 30. Nxe6 Rxe4 31. Nc7 a5 32. Rd1 Ne5 33. Nxb5
axb4 34. axb4 Rxb4 35. Nc3 Rb2 36. Nd5 Kf7 37. Nf4 Bc5 38. Nh3 Ng4 39. Rd7+ Ke6
40. Rc7 Nxf2 41. Rxc5 Ne4+ 0-1

[Event "21. Torneo San Viator 2013"]
[Site "Madrid ESP"]
[Date "2013.11.03"]
[Round "7.39"]
[White "Loncomilla Sanhueza, Ernesto"]
[Black "Herreros Lucas, Jose Luis"]
[Result "1-0"]
[WhiteElo "1683"]
[BlackElo "1501"]
[PlyCount "67"]
[EventDate "2013.09.29"]
[EventType "swiss"]
[EventRounds "9"]
[EventCountry "ESP"]
[SourceTitle "Ajedrez en Madrid"]
[Source "lmi"]
[SourceDate "2013.09.29"]
[SourceVersion "1"]
[SourceVersionDate "2013.12.25"]
[SourceQuality "1"]

1. e4 c6 2. d4 d5 3. e5 e6 4. Nf3 c5 5. c3 Nc6 6. Bd3 cxd4 7. cxd4 Bb4+ 8. Nc3
Nge7 9. O-O Nf5 10. Bc2 O-O 11. Bg5 Qb6 12. Bxf5 exf5 13. Nxd5 Qa5 14. Nxb4
Qxb4 15. d5 Nd8 16. Qc2 h6 17. Bd2 Qb5 18. d6 Nc6 19. Rfe1 Re8 20. Bc3 Bd7 21.
a3 Rac8 22. Qd2 Re6 23. Re3 Rce8 24. Rae1 g5 25. Nd4 Nxd4 26. Qxd4 a6 27. Rf3
f4 28. h4 Kg7 29. hxg5 hxg5 30. Rh3 Rg6 31. e6+ f6 32. exd7 Qxd7 33. Rxe8 Qxe8
34. d7 1-0

[Event "21. Torneo San Viator 2013"]
[Site "Madrid ESP"]
[Date "2013.11.03"]
[Round "7.40"]
[White "Lopez Ziegler, Juan Jose"]
[Black "Tevar Becerra, Alvaro"]
[Result "0-1"]
[WhiteElo "1523"]
[BlackElo "1647"]
[PlyCount "82"]
[EventDate "2013.09.29"]
[EventType "swiss"]
[EventRounds "9"]
[EventCountry "ESP"]
[SourceTitle "Ajedrez en Madrid"]
[Source "lmi"]
[SourceDate "2013.09.29"]
[SourceVersion "1"]
[SourceVersionDate "2013.12.25"]
[SourceQuality "1"]

1. d4 Nf6 2. Nf3 g6 3. Bf4 d6 4. e3 Bg7 5. h3 O-O 6. Be2 c5 7. Nbd2 Nd5 8. Bh2
cxd4 9. exd4 Qb6 10. O-O Qxb2 11. Nc4 Qb4 12. Rb1 Qa4 13. Qd2 Qd7 14. Qa5 Qe6
15. Rfe1 Nc6 16. Qa3 Qf6 17. Bf1 Rb8 18. c3 Bxh3 19. Rb5 Be6 20. Qb3 Nb6 21.
Re4 Bxc4 22. Bxc4 Nxc4 23. Qxc4 Bh6 24. Qe2 a6 25. Rd5 Rbd8 26. g4 e5 27. dxe5
dxe5 28. Rxd8 Rxd8 29. Nxe5 Rd2 30. Qe1 Nxe5 31. Rxe5 Rxa2 32. Re8+ Bf8 33. Qe3
Ra1+ 34. Kg2 Ra4 35. Kh3 h5 36. f3 hxg4+ 37. fxg4 Ra5 38. Bf4 g5 39. Bc7 Ra2
40. Be5 Qf1+ 41. Kg3 Qg2# 0-1

[Event "21. Torneo San Viator 2013"]
[Site "Madrid ESP"]
[Date "2013.11.03"]
[Round "7.42"]
[White "Perez Mondejar, Adler"]
[Black "Rendo Quindos, Pedro"]
[Result "0-1"]
[WhiteElo "1439"]
[BlackElo "1607"]
[PlyCount "80"]
[EventDate "2013.09.29"]
[EventType "swiss"]
[EventRounds "9"]
[EventCountry "ESP"]
[SourceTitle "Ajedrez en Madrid"]
[Source "lmi"]
[SourceDate "2013.09.29"]
[SourceVersion "1"]
[SourceVersionDate "2013.12.25"]
[SourceQuality "1"]

1. e4 c5 2. c3 d6 3. d4 cxd4 4. cxd4 Nf6 5. Bd3 Nc6 6. Nf3 Bg4 7. Be3 g6 8. h3
Bd7 9. O-O Bg7 10. Nc3 O-O 11. Qd2 Nb4 12. a3 Nxd3 13. Qxd3 a6 14. Qc2 Rc8 15.
Rac1 d5 16. e5 Ne4 17. Qd3 Bf5 18. Qe2 h5 19. Ng5 f6 20. Ngxe4 dxe4 21. exf6
Rxf6 22. g4 Bd7 23. Nxe4 Rf8 24. Rxc8 Qxc8 25. Rc1 Bb5 26. Rxc8 Bxe2 27. Rxf8+
Kxf8 28. g5 Bf3 29. Nc5 Kf7 30. h4 e5 31. dxe5 Bxe5 32. Bc1 Bd6 33. Na4 Ke6 34.
Nc3 Kf5 35. Nb1 Kg4 36. Nd2 Bd5 37. Nf1 Kxh4 38. Ne3 Bc6 39. Nc4 Be7 40. Ne5
Be4 0-1

[Event "21. Torneo San Viator 2013"]
[Site "Madrid ESP"]
[Date "2013.11.03"]
[Round "7.43"]
[White "Mateos Cordero, Francisco"]
[Black "Del Noval Nemeshazi, Nesztor"]
[Result "1-0"]
[WhiteElo "1601"]
[BlackElo "1402"]
[PlyCount "77"]
[EventDate "2013.09.29"]
[EventType "swiss"]
[EventRounds "9"]
[EventCountry "ESP"]
[SourceTitle "Ajedrez en Madrid"]
[Source "lmi"]
[SourceDate "2013.09.29"]
[SourceVersion "1"]
[SourceVersionDate "2013.12.25"]
[SourceQuality "1"]

1. d4 Nf6 2. c4 g6 3. Nc3 d5 4. e3 Bg7 5. Nf3 O-O 6. Be2 Bg4 7. O-O e6 8. a4 c6
9. cxd5 Nxd5 10. Bd2 Nd7 11. a5 N7f6 12. Nxd5 Nxd5 13. Qc2 Rc8 14. Bc3 c5 15.
Qd2 cxd4 16. Bxd4 a6 17. Bxg7 Kxg7 18. Rfc1 Ne7 19. Qb4 Qd7 20. Qxg4 Nf5 21.
Nd4 Rfd8 22. Rd1 Nxd4 23. Rxd4 Qc7 24. Rad1 Rxd4 25. Qxd4+ e5 26. Qd2 Qc2 27.
g3 h5 28. Bf3 e4 29. Qd4+ Kh7 30. Bxe4 Qe2 31. Qd7 Qg4 32. Qxg4 hxg4 33. Rd7
Rc1+ 34. Kg2 Ra1 35. Rxf7+ Kh6 36. Rxb7 Kg5 37. b4 Rb1 38. Bxb1 Kh6 39. Bxg6
1-0

[Event "21. Torneo San Viator 2013"]
[Site "Madrid ESP"]
[Date "2013.11.03"]
[Round "7.44"]
[White "Alonso Vara, Laura"]
[Black "De Castro Vidal, Jose Ignacio"]
[Result "1/2-1/2"]
[WhiteElo "1573"]
[BlackElo "2050"]
[PlyCount "46"]
[EventDate "2013.09.29"]
[EventType "swiss"]
[EventRounds "9"]
[EventCountry "ESP"]
[SourceTitle "Ajedrez en Madrid"]
[Source "lmi"]
[SourceDate "2013.09.29"]
[SourceVersion "1"]
[SourceVersionDate "2013.12.25"]
[SourceQuality "1"]

1. e4 d6 2. d4 Nf6 3. Nc3 g6 4. f4 Bg7 5. Nf3 O-O 6. Bc4 Nxe4 7. Nxe4 d5 8.
Bxd5 Qxd5 9. Nc3 Qc4 10. Qe2 Be6 11. Qxc4 Bxc4 12. Ne5 Bxe5 13. dxe5 Rd8 14.
Be3 Nc6 15. b3 Bd5 16. Nxd5 Rxd5 17. a3 Rad8 18. Ke2 Nd4+ 19. Bxd4 Rxd4 20.
Rad1 Rxd1 21. Rxd1 Rxd1 22. Kxd1 f6 23. exf6 exf6 1/2-1/2

[Event "21. Torneo San Viator 2013"]
[Site "Madrid ESP"]
[Date "2013.11.03"]
[Round "7.45"]
[White "Jimenez Sanchez, Juan Daniel"]
[Black "Valdes Sanchez, Jesus Manuel"]
[Result "0-1"]
[WhiteElo "1376"]
[BlackElo "1567"]
[PlyCount "86"]
[EventDate "2013.09.29"]
[EventType "swiss"]
[EventRounds "9"]
[EventCountry "ESP"]
[SourceTitle "Ajedrez en Madrid"]
[Source "lmi"]
[SourceDate "2013.09.29"]
[SourceVersion "1"]
[SourceVersionDate "2013.12.25"]
[SourceQuality "1"]

1. d4 e6 2. c4 Nf6 3. Nf3 d5 4. g3 dxc4 5. Bg2 Nc6 6. Qc2 Nxd4 7. Nxd4 Qxd4 8.
O-O c6 9. Rd1 Qb6 10. Qxc4 Bd7 11. Nd2 c5 12. Nf3 Be7 13. Ne5 Bb5 14. Qc2 O-O
15. Be3 Rfd8 16. Nc4 Bxc4 17. Qxc4 Rac8 18. b3 Rd7 19. Rxd7 Nxd7 20. Qe4 Rc7
21. Bf4 e5 22. Bxe5 Nxe5 23. Qxe5 g6 24. Rd1 Bf6 25. Qe8+ Kg7 26. Rd7 Rxd7 27.
Qxd7 Qe6 28. Qxb7 Qxe2 29. Bd5 Be7 30. Bc4 Qe1+ 31. Kg2 a5 32. Qd5 f6 33. Qf7+
Kh6 34. Qd5 f5 35. Qf3 Qb1 36. a4 Bf6 37. h4 Qb2 38. Qf4+ Kg7 39. Qc7+ Kh6 40.
Qxc5 Bd4 41. Qf8+ Kh5 42. g4+ Kxg4 43. Be2+ Qxe2 0-1

[Event "21. Torneo San Viator 2013"]
[Site "Madrid ESP"]
[Date "2013.11.03"]
[Round "7.46"]
[White "Rodriguez Romero, Martin"]
[Black "Ore Leon, Gustavo"]
[Result "0-1"]
[WhiteElo "1366"]
[BlackElo "1828"]
[PlyCount "100"]
[EventDate "2013.09.29"]
[EventType "swiss"]
[EventRounds "9"]
[EventCountry "ESP"]
[SourceTitle "Ajedrez en Madrid"]
[Source "lmi"]
[SourceDate "2013.09.29"]
[SourceVersion "1"]
[SourceVersionDate "2013.12.25"]
[SourceQuality "1"]

1. e4 e5 2. Nf3 Nc6 3. Bc4 Bc5 4. b4 Bxb4 5. c3 Be7 6. d4 Na5 7. Nxe5 Nxc4 8.
Nxc4 d5 9. exd5 Qxd5 10. Ne3 Qa5 11. O-O Bd7 12. Bd2 Nf6 13. Re1 O-O 14. c4 Bb4
15. Bxb4 Qxb4 16. Nd2 b6 17. Nb3 Rfe8 18. Rb1 Ba4 19. Qd3 Rad8 20. Nc2 Rxe1+
21. Rxe1 Qd6 22. Qf3 Bc6 23. d5 Bd7 24. Ncd4 Qb4 25. Rc1 Re8 26. h3 a5 27. Qc3
Qxc3 28. Rxc3 Re1+ 29. Kh2 Ne4 30. Re3 Rxe3 31. fxe3 a4 32. Nc1 Nd2 33. Nb5
Nxc4 34. Nxc7 Nxe3 35. Nd3 f6 36. d6 Nc4 37. Na8 Kf7 38. Nf4 Bc6 39. Kg3 Bxa8
40. d7 Ke7 41. Ne6 Kxd7 42. Nxg7 a3 43. Nf5 Bd5 44. Nd4 Nd2 45. Nb5 Nb1 46. h4
Bxa2 47. Nxa3 Nxa3 48. Kf4 b5 49. Ke3 b4 50. Kd2 Nc4+ 0-1

[Event "21. Torneo San Viator 2013"]
[Site "Madrid ESP"]
[Date "2013.11.03"]
[Round "7.47"]
[White "Jimenez Perez, Federico"]
[Black "Cabeza Hernandez, Guillermo"]
[Result "1-0"]
[WhiteElo "1289"]
[BlackElo "1565"]
[PlyCount "125"]
[EventDate "2013.09.29"]
[EventType "swiss"]
[EventRounds "9"]
[EventCountry "ESP"]
[SourceTitle "Ajedrez en Madrid"]
[Source "lmi"]
[SourceDate "2013.09.29"]
[SourceVersion "1"]
[SourceVersionDate "2013.12.25"]
[SourceQuality "1"]

1. e4 e5 2. Nf3 d6 3. Bc4 Be7 4. Nc3 Nf6 5. O-O O-O 6. Re1 c6 7. d4 exd4 8.
Qxd4 b5 9. Bb3 c5 10. Bxf7+ Rxf7 11. Qd3 b4 12. Nd5 Be6 13. Ng5 Bxd5 14. exd5
Nbd7 15. Nxf7 Kxf7 16. Bg5 Ne5 17. Qf5 Qc8 18. Qf4 h6 19. Bxf6 Bxf6 20. Re4 g5
21. Qg3 Qf5 22. Rae1 a5 23. f4 Ng6 24. fxg5 Qxg5 25. Qxd6 Bd4+ 26. Kh1 Be5 27.
Rf1+ Kg7 28. Qd7+ Kh8 29. Rg4 Qh5 30. h3 Rf8 31. Rf7 Bxb2 32. Qe6 Rxf7 33. Qxf7
Qe5 34. Qe6 Qxe6 35. dxe6 Ne7 36. Rf4 Kg7 37. Rf7+ Kg8 38. Rxe7 Kf8 39. Ra7 Bf6
40. Rxa5 Be7 41. g4 c4 42. Kg2 Kg7 43. Kf3 Kf6 44. Ke4 Kxe6 45. h4 Bxh4 46.
Ra6+ Kf7 47. Rxh6 Bg5 48. Rb6 Bd2 49. Kd4 Bc3+ 50. Kxc4 Ke7 51. g5 Kf7 52. Ra6
Be1 53. a3 bxa3 54. Rxa3 Kg6 55. Rf3 Kxg5 56. Kd3 Kg6 57. c4 Ba5 58. c5 Kg7 59.
c6 Bc7 60. Ke4 Kg8 61. Kd5 Kg7 62. Ke6 Bb6 63. Kd7 1-0

[Event "21. Torneo San Viator 2013"]
[Site "Madrid ESP"]
[Date "2013.11.03"]
[Round "7.48"]
[White "Salgado Duarte, Pablo"]
[Black "Vicente Minarro, Pedro"]
[Result "1-0"]
[WhiteElo "1551"]
[BlackElo "1556"]
[PlyCount "87"]
[EventDate "2013.09.29"]
[EventType "swiss"]
[EventRounds "9"]
[EventCountry "ESP"]
[SourceTitle "Ajedrez en Madrid"]
[Source "lmi"]
[SourceDate "2013.09.29"]
[SourceVersion "1"]
[SourceVersionDate "2013.12.25"]
[SourceQuality "1"]

1. d4 d5 2. c4 c6 3. e3 Nf6 4. Nc3 Bf5 5. Nf3 e6 6. cxd5 cxd5 7. Bb5+ Nc6 8.
Ne5 Qb6 9. Qa4 Rc8 10. Bd2 Bd6 11. Ne2 O-O 12. Bxc6 bxc6 13. b3 Bxe5 14. dxe5
Ne4 15. Ba5 Qa6 16. Rc1 c5 17. f3 Ng5 18. h4 Bd3 19. Nf4 Nxf3+ 20. gxf3 Bb5 21.
Qa3 c4 22. Kf2 c3 23. Bb4 Qxa3 24. Bxa3 Rfd8 25. Rc2 d4 26. exd4 Rxd4 27. Ne2
Rd2 28. Rxd2 cxd2 29. Rd1 Rc2 30. Bb4 Bxe2 31. Kxe2 Rxa2 32. Rxd2 Rxd2+ 33.
Kxd2 f6 34. f4 f5 35. Kd3 Kf7 36. Kc4 Ke8 37. Kb5 Kd7 38. Bc5 a6+ 39. Kxa6 Kc6
40. Bf8 g6 41. b4 Kc7 42. b5 Kb8 43. b6 Ka8 44. b7+ 1-0

[Event "21. Torneo San Viator 2013"]
[Site "Madrid ESP"]
[Date "2013.11.03"]
[Round "7.50"]
[White "Del Noval Perez, Jeronimo"]
[Black "Estirado De Cabo, Cesar"]
[Result "0-1"]
[WhiteElo "1428"]
[BlackElo "1511"]
[PlyCount "68"]
[EventDate "2013.09.29"]
[EventType "swiss"]
[EventRounds "9"]
[EventCountry "ESP"]
[SourceTitle "Ajedrez en Madrid"]
[Source "lmi"]
[SourceDate "2013.09.29"]
[SourceVersion "1"]
[SourceVersionDate "2013.12.25"]
[SourceQuality "1"]

1. e4 c6 2. d4 d5 3. Nc3 dxe4 4. Nxe4 Bf5 5. Ng3 Bg6 6. h4 h6 7. Nf3 Nd7 8. h5
Bh7 9. Bd3 Bxd3 10. Qxd3 Qc7 11. Bd2 e6 12. Ne4 O-O-O 13. O-O-O Ngf6 14. g3
Nxe4 15. Qxe4 Bd6 16. Kb1 Rde8 17. Qg4 Rhg8 18. Rhe1 Nf6 19. Qh3 g6 20. hxg6
Rxg6 21. Nh4 Rgg8 22. Bxh6 Ng4 23. Be3 Nxe3 24. Rxe3 Kb8 25. c4 c5 26. d5 exd5
27. Rxe8+ Rxe8 28. cxd5 Qb6 29. f4 Re2 30. b3 c4 31. Rc1 Ba3 32. Qf1 Rb2+ 33.
Ka1 Qd4 34. Rd1 Rd2+ 0-1

[Event "21. Torneo San Viator 2013"]
[Site "Madrid ESP"]
[Date "2013.11.03"]
[Round "7.58"]
[White "Ochoa, Bryan Alejandro"]
[Black "Guillo Sanchez-Galiano, Eduardo"]
[Result "1-0"]
[WhiteElo "1193"]
[BlackElo "1309"]
[PlyCount "95"]
[EventDate "2013.09.29"]
[EventType "swiss"]
[EventRounds "9"]
[EventCountry "ESP"]
[SourceTitle "Ajedrez en Madrid"]
[Source "lmi"]
[SourceDate "2013.09.29"]
[SourceVersion "1"]
[SourceVersionDate "2013.12.25"]
[SourceQuality "1"]

1. d4 d5 2. Nf3 g6 3. e3 a6 4. b3 Bg7 5. Bb2 c5 6. Nbd2 Nc6 7. Rb1 Bf5 8. Rc1
Qa5 9. a4 Nf6 10. Be2 c4 11. bxc4 Qb4 12. cxd5 Nxd5 13. Rb1 Qxa4 14. Bd3 Bxd3
15. cxd3 Qa5 16. Qb3 Qb4 17. Qxd5 Rd8 18. Qc4 Qxc4 19. dxc4 O-O 20. O-O h6 21.
Bc3 Rd7 22. Rfc1 e6 23. Ne4 Rc7 24. d5 exd5 25. Bxg7 Kxg7 26. cxd5 Rd7 27. dxc6
bxc6 28. Rxc6 Rfd8 29. Rcc1 a5 30. Kf1 a4 31. Ke2 a3 32. Ra1 Ra7 33. Nc3 Rb8
34. Ne5 Rb2+ 35. Kf3 Ra6 36. Nc4 Rf6+ 37. Kg3 Rb8 38. Rxa3 h5 39. Ne5 Rf5 40.
f4 Rh8 41. e4 h4+ 42. Kg4 Rfh5 43. Ra7 h3 44. g3 Rxe5 45. fxe5 Re8 46. Kxh3
Rxe5 47. Rf1 Rh5+ 48. Kg2 1-0

[Event "21. Torneo San Viator 2013"]
[Site "Madrid ESP"]
[Date "2013.11.10"]
[Round "8.1"]
[White "Iturbide Arnedo, Oscar"]
[Black "Renteria, Jorge"]
[Result "0-1"]
[WhiteElo "2159"]
[BlackElo "2323"]
[PlyCount "92"]
[EventDate "2013.09.29"]
[EventType "swiss"]
[EventRounds "9"]
[EventCountry "ESP"]
[SourceTitle "Ajedrez en Madrid"]
[Source "lmi"]
[SourceDate "2013.09.29"]
[SourceVersion "1"]
[SourceVersionDate "2013.12.25"]
[SourceQuality "1"]

1. e4 d6 2. Nc3 Nf6 3. g3 e5 4. Bg2 c6 5. d4 Nbd7 6. f4 a6 7. Nf3 Qc7 8. a4 Be7
9. O-O O-O 10. Kh1 Re8 11. a5 Bf8 12. fxe5 dxe5 13. Bg5 Ng4 14. d5 h6 15. Bd2
Ngf6 16. Nh4 g6 17. Qf3 Bg7 18. Rad1 Rf8 19. h3 Nh7 20. b4 Ndf6 21. Qe2 Bd7 22.
Kh2 Rac8 23. Rfe1 Rfe8 24. Rc1 cxd5 25. Nxd5 Nxd5 26. exd5 e4 27. Bf4 Qc4 28.
Qxc4 Rxc4 29. Bf1 Rcc8 30. Ng2 g5 31. Bd2 Bb2 32. c4 Bxc1 33. Rxc1 f5 34. Bc3
Nf6 35. Rd1 Ba4 36. Rd4 Nd7 37. Be2 Ne5 38. Be1 Bc2 39. Ne3 Bd3 40. Bxd3 Nf3+
41. Kg2 Nxd4 42. Bf1 f4 43. gxf4 gxf4 44. Ng4 e3 45. Nf6+ Kf7 46. Nxe8 Rxe8 0-1

[Event "21. Torneo San Viator 2013"]
[Site "Madrid ESP"]
[Date "2013.11.10"]
[Round "8.2"]
[White "Nunez Miranda, Adrian"]
[Black "Lopez Ziegler, Carlos"]
[Result "1-0"]
[WhiteElo "2006"]
[BlackElo "1944"]
[PlyCount "73"]
[EventDate "2013.09.29"]
[EventType "swiss"]
[EventRounds "9"]
[EventCountry "ESP"]
[SourceTitle "Ajedrez en Madrid"]
[Source "lmi"]
[SourceDate "2013.09.29"]
[SourceVersion "1"]
[SourceVersionDate "2013.12.25"]
[SourceQuality "1"]

1. e4 c5 2. d3 g6 3. g3 Bg7 4. Bg2 Nc6 5. f4 d6 6. Nf3 Nf6 7. O-O O-O 8. c3 Bg4
9. h3 Bxf3 10. Qxf3 Nd7 11. g4 Rb8 12. Be3 h6 13. Qf2 e5 14. f5 g5 15. Na3 b5
16. Nc2 Qb6 17. h4 f6 18. d4 Rfc8 19. dxc5 dxc5 20. Rfd1 Rb7 21. hxg5 hxg5 22.
b4 Bf8 23. Rd5 Ne7 24. bxc5 Qa5 25. Rd3 Nc6 26. Rad1 Rcc7 27. Na1 b4 28. Nb3
Qa4 29. Bf1 bxc3 30. Rxc3 Qxe4 31. Bc4+ Kg7 32. Qg3 Nb4 33. a3 Rxc5 34. Nxc5
Bxc5 35. Bxc5 Nxc5 36. axb4 Rxb4 37. Bd5 1-0

[Event "21. Torneo San Viator 2013"]
[Site "Madrid ESP"]
[Date "2013.11.10"]
[Round "8.3"]
[White "Tirado Parra, Alberto"]
[Black "Gil Sierra, Jacinto"]
[Result "1/2-1/2"]
[WhiteElo "1937"]
[BlackElo "2041"]
[PlyCount "98"]
[EventDate "2013.09.29"]
[EventType "swiss"]
[EventRounds "9"]
[EventCountry "ESP"]
[SourceTitle "Ajedrez en Madrid"]
[Source "lmi"]
[SourceDate "2013.09.29"]
[SourceVersion "1"]
[SourceVersionDate "2013.12.25"]
[SourceQuality "1"]

1. Nf3 d5 2. c4 d4 3. g3 Nc6 4. d3 Bg4 5. Bg2 e5 6. h3 Bb4+ 7. Bd2 Bxd2+ 8.
Nbxd2 Bh5 9. O-O Nf6 10. b4 Nd7 11. Ne1 Nxb4 12. Bxb7 Rb8 13. Bg2 O-O 14. Nb3
Na6 15. Na5 Qg5 16. Nc6 Rb2 17. Nf3 Bxf3 18. Bxf3 Nb4 19. Qa4 Nxc6 20. Qxc6 Nf6
21. Qxc7 Rfb8 22. Kg2 h5 23. h4 Qf5 24. Qxa7 e4 25. dxe4 Nxe4 26. Rab1 Nd2 27.
Rxb2 Rxb2 28. Qxd4 Rxa2 29. Qd8+ Kh7 30. Qd3 Qxd3 31. exd3 Nxf1 32. Kxf1 g6 33.
c5 Rd2 34. Be2 Kg7 35. Ke1 Rc2 36. d4 Kf6 37. Kd1 Ra2 38. c6 Ke7 39. Ke1 Kd6
40. Bf3 Rc2 41. Kf1 Rc4 42. d5 Rc2 43. Kg2 Ke5 44. Bd1 Rc3 45. Bf3 Rd3 46. g4
hxg4 47. Bxg4 Rc3 48. h5 gxh5 49. Bxh5 Kxd5 1/2-1/2

[Event "21. Torneo San Viator 2013"]
[Site "Madrid ESP"]
[Date "2013.11.10"]
[Round "8.4"]
[White "Cabanas Bravo, Juan Andres"]
[Black "Luna Hermoso, Angel"]
[Result "1-0"]
[WhiteElo "2089"]
[BlackElo "1979"]
[PlyCount "63"]
[EventDate "2013.09.29"]
[EventType "swiss"]
[EventRounds "9"]
[EventCountry "ESP"]
[SourceTitle "Ajedrez en Madrid"]
[Source "lmi"]
[SourceDate "2013.09.29"]
[SourceVersion "1"]
[SourceVersionDate "2013.12.25"]
[SourceQuality "1"]

1. e4 c5 2. Nf3 d6 3. d4 cxd4 4. Nxd4 Nf6 5. Nc3 a6 6. f3 e6 7. Be3 b5 8. a4 b4
9. Na2 e5 10. Nb3 Nc6 11. Bc4 Be6 12. Bd5 Bxd5 13. exd5 Na5 14. Qd3 Nxb3 15.
Qxb3 Be7 16. Nxb4 Rb8 17. a5 Rxb4 18. Qxb4 Nxd5 19. Qa4+ Qd7 20. Bd2 f5 21. Ke2
Bf6 22. c4 Ne7 23. Rac1 Nc6 24. Bc3 O-O 25. b4 Rb8 26. b5 axb5 27. cxb5 Rxb5
28. a6 e4 29. Bxf6 exf3+ 30. Kxf3 gxf6 31. Qc4+ d5 32. Qxc6 1-0

[Event "21. Torneo San Viator 2013"]
[Site "Madrid ESP"]
[Date "2013.11.10"]
[Round "8.5"]
[White "Vallejo Nuno, Jorge"]
[Black "Tevar Sanz, Gonzalo"]
[Result "1-0"]
[WhiteElo "2068"]
[BlackElo "1836"]
[PlyCount "81"]
[EventDate "2013.09.29"]
[EventType "swiss"]
[EventRounds "9"]
[EventCountry "ESP"]
[SourceTitle "Ajedrez en Madrid"]
[Source "lmi"]
[SourceDate "2013.09.29"]
[SourceVersion "1"]
[SourceVersionDate "2013.12.25"]
[SourceQuality "1"]

1. e4 e6 2. b3 d5 3. Bb2 dxe4 4. Nc3 Nf6 5. Qe2 Bb4 6. O-O-O Bxc3 7. dxc3 Qe7
8. h3 b6 9. g4 Bb7 10. Bg2 Nbd7 11. Kb1 h6 12. f3 exf3 13. Nxf3 Nd5 14. Ne5
Nxe5 15. Qxe5 f6 16. Qe2 O-O 17. Bxd5 Bxd5 18. Rxd5 e5 19. Rhd1 a5 20. Qe4 a4
21. Rd7 Qe6 22. Qg6 Rf7 23. Qxf7+ Qxf7 24. Rxf7 Kxf7 25. Rd7+ Kg6 26. Rxc7 Re8
27. Kc1 h5 28. gxh5+ Kxh5 29. Rxg7 Kh4 30. Kd2 Kxh3 31. Ke2 f5 32. Bc1 axb3 33.
cxb3 b5 34. Rg5 Rf8 35. Kf3 Kh4 36. Rg6 f4 37. Re6 Rc8 38. Bd2 Rc5 39. Ke4 f3
40. Kxf3 Rd5 41. Rh6# 1-0

[Event "21. Torneo San Viator 2013"]
[Site "Madrid ESP"]
[Date "2013.11.10"]
[Round "8.7"]
[White "Cano Mercado, Francisco Manuel"]
[Black "Camarero Izquierdo, Juan Carlo"]
[Result "1-0"]
[WhiteElo "1840"]
[BlackElo "1893"]
[PlyCount "71"]
[EventDate "2013.09.29"]
[EventType "swiss"]
[EventRounds "9"]
[EventCountry "ESP"]
[SourceTitle "Ajedrez en Madrid"]
[Source "lmi"]
[SourceDate "2013.09.29"]
[SourceVersion "1"]
[SourceVersionDate "2013.12.25"]
[SourceQuality "1"]

1. d4 c5 2. Nf3 e6 3. g3 Nc6 4. Bg2 d5 5. O-O Nf6 6. b3 Bd6 7. Bb2 O-O 8. Nbd2
b5 9. e3 c4 10. a4 Rb8 11. axb5 Rxb5 12. Ne5 Bxe5 13. dxe5 Nd7 14. Nxc4 Qc7 15.
Nd6 Rb8 16. c4 dxc4 17. Nxc4 Bb7 18. Ba3 Ba8 19. Bd6 Qc8 20. Bxb8 Ndxb8 21. Nd6
Qc7 22. Rc1 Qa5 23. Nc4 Qb4 24. Qd6 Qxb3 25. Na5 Nxa5 26. Bxa8 Nc4 27. Qc7 Nb6
28. Qxa7 N8d7 29. Bg2 Nxe5 30. Rb1 Nc8 31. Qd4 Qc2 32. Qxe5 Ne7 33. Rb8 g6 34.
Rxf8+ Kxf8 35. Qh8+ Ng8 36. Ra1 1-0